000 00905nam a2200289Ia 4500
001 B6344
003 IT-RoPAU
008 130308s9999 xx 000 0 und d
040 _aIT-RoPAU
040 _cIT-RoPAU
041 _aITALIANO
100 _aRobins Kevin
100 _gCodice Aut. SPICS: 17257
245 _aComunicazione e identità
245 _bGeografia dei Media-Globalismo, Localizzazione e Identita' Culturale
250 _a1a ed.
260 _aBOLOGNA
260 _bBaskerville
260 _c1993 [1° Ed.:1993 - Ed.Ling.Originale:1990]
300 _a"19 p. (prefazione: no ; testo: 19 [pagine: 37-55])"
500 _aComunicazione, Cultura e Identità. Geografie Postmoderne. Comunità Dellacultura. America Immaginaria. Europa e I Suoi Altri.
650 _aSAGGI SULLA TELEVISIONE
650 _eCodice materia Spics: 6961
942 _cBK
957 _71
999 _c84898
_d84898
999 _g1